000 00603nam a2200205Ia 4500
003 GCL
008 140319s9999 xx 000 0 ara d
040 _aGCL /
_cGCL
082 0 4 _aط
_b823.02
_bد ف
100 1 _aمارشاك
245 1 0 _aحكاية الفأر الصغير الغبى /
_cمارشاك
700 1 _aمديحة رضا (مترجم)
260 _a[S.N] :
_b"دار نشر ""ماليش"" بموسكو"
300 _aغير محددة
490 _a
650 0 4 _aالاطفال
650 0 4 _aالقصص الانجليزية
650 0 4 _aقصص الاطفال
942 _2ddc
_cBK
999 _c35986
_d35986